000 00577cam a22002053a 4500
001 40572
003 PGUSA
005 20140828083915.0
008 120824s2012||||xxu|||||s|||||000 | eng d
040 _aPGUSA
_beng
042 _adc
100 1 _aMason, Arthur
245 1 4 _aThe Flying Bo'sun :
_bA Mystery of the Sea
_h[electronic resource] /
_cArthur Mason
260 _bProject Gutenberg,
_c2012
506 _aPublic domain in the USA.
516 _aElectronic text
830 0 _aProject Gutenberg
_v40572
856 4 0 _uhttp://www.gutenberg.org/ebooks/40572
942 _cEB
999 _c269825
_d269825